Geoffrey Bawa: The Complete Works (Record no. 13362)
[ view plain ]
| 000 -LEADER | |
|---|---|
| fixed length control field | 00226 a2200085 4500 |
| 020 ## - INTERNATIONAL STANDARD BOOK NUMBER | |
| International Standard Book Number | 9780500341872 |
| 100 ## - MAIN ENTRY--PERSONAL NAME | |
| Personal name | Geoffrey Bawa and David Robson |
| 245 ## - TITLE STATEMENT | |
| Title | Geoffrey Bawa: The Complete Works |
| 260 ## - PUBLICATION, DISTRIBUTION, ETC. | |
| Name of publisher, distributor, etc. | Thames & Hudson |
| Date of publication, distribution, etc. | 2002 |
| Withdrawn status | Lost status | Source of classification or shelving scheme | Damaged status | Not for loan | Permanent Location | Current Location | Date acquired | Source of acquisition | Cost, normal purchase price | Total Checkouts | Full call number | Barcode | Date last seen | Date last checked out | Cost, replacement price | Price effective from | Koha item type |
|---|---|---|---|---|---|---|---|---|---|---|---|---|---|---|---|---|---|
| BMS College of Architecture, Design and Planning | BMS College of Architecture, Design and Planning | 2025-05-21 | 1 | 4248.75 | 3 | 720.92 | AR-UG4601 | 2026-01-14 | 2026-01-09 | 5665.00 | 2025-05-21 | UG Books |